Jean Gerson, commentateur dionysien (Record no. 46245)

MARC details
000 -LEADER
campo de control de longitud fija 01123nam a2200265 i 4500
001 - NÚMERO DE CONTROL
campo de control 46245
003 - IDENTIFICADOR DE NÚMERO DE CONTROL
campo de control ES-MaACL
005 - FECHA Y HORA DE LA ÚLTIMA TRANSACCIÓN
campo de control 20251003191626.0
007 - CAMPO FIJO DE DESCRIPCIÓN FÍSICA--INFORMACIÓN GENERAL
campo de control de longitud fija t|
008 - DATOS DE LONGITUD FIJA--INFORMACIÓN GENERAL
campo de control de longitud fija 030328s1973 fr ||||1| fre d
100 1# - ENTRADA PRINCIPAL--NOMBRE DE PERSONA
Nombre de persona Combes, André.
9 (RLIN) 39969
245 10 - MENCIÓN DEL TÍTULO
Título Jean Gerson, commentateur dionysien
Resto del título : les "Notulae super quaedam verba Dionysii de Caelesti Hierarchia"...: démonstration de son authenticité: appendices historiques pour l'histoire des courants doctrinaux a l'Université de Paris a la fin du XIVe siècle /
Mención de responsabilidad, etc. par André Combes... ; préface de Etienne Gilson.
250 ## - MENCION DE EDICION
Mención de edición 2ª ed.
260 ## - PUBLICACIÓN, DISTRIBUCIÓN, ETC.
Lugar de publicación, distribución, etc. Paris :
Nombre del editor, distribuidor, etc. J. Vrin,
Fecha de publicación, distribución, etc. 1973.
300 ## - DESCRIPCIÓN FÍSICA
Extensión XVIII, 732 p. ;
Dimensiones 26 cm.
490 1# - MENCIÓN DE SERIE
Mención de serie Études de philosophie médiévale ;
Designación de volumen o secuencia 30
504 ## - NOTA DE BIBLIOGRAFÍA, ETC.
Nota de bibliografía, etc. Bibliografía: p. 689-713.
600 04 - PUNTO DE ACCESO ADICIONAL DE MATERIA--NOMBRE DE PERSONA
Nombre de persona Pseudo Dionisio Areopagita.
9 (RLIN) 94102
600 14 - PUNTO DE ACCESO ADICIONAL DE MATERIA--NOMBRE DE PERSONA
Nombre de persona Gerson, Jean-
Subdivisión general Crítica e interpretación.
9 (RLIN) 164553
700 1# - ENTRADA AGREGADA--NOMBRE PERSONAL
Nombre de persona Gilson, Étienne,
Fechas asociadas al nombre 1884-1978
9 (RLIN) 57015
700 1# - ENTRADA AGREGADA--NOMBRE PERSONAL
Nombre de persona Gerson, Jean.
9 (RLIN) 164554
830 0# - PUNTO DE ACCESO ADICIONAL DE SERIE-TÍTULO UNIFORME
Título uniforme Études de philosophie médiévale ;
Designación de volumen o secuencia 30
9 (RLIN) 183352
852 ## - LOCALIZACIÓN
Ubicación ES-MaACL
Número de control de estantería G-7027
Sublocalización o colección R.113799
Holdings
Estatus retirado Estado de pérdida Estado de daño No para préstamo Biblioteca de origen Biblioteca actual Ubicación en estantería Fecha de adquisición Fuente de adquisición Total de préstamos Signatura topográfica completa Código de barras Visto por última vez Precio de reemplazo Tipo de ítem Koha
        Biblioteca del Ateneo de Madrid Biblioteca del Ateneo de Madrid Depósito 2 17/01/2008     G-7027 1048642 23/02/2023 23/02/2023 Libro impreso